[Event "Titled Tuesday intern op 26th Sep Late"]
[Site "Chess.com INT"]
[Date "2023.09.26"]
[Round "6"]
[White "Fernandez Reyes, Lisandro"]
[Black "Thiel, Thomas"]
[Result "1-0"]
[WhiteElo "2337"]
[BlackElo "2148"]
[PlyCount "33"]
[EventDate "2023.09.26"]
[EventType "swiss (blitz)"]
[EventRounds "11"]
[EventCountry "USA"]
[SourceTitle "EXT 2024"]
[Source "ChessBase"]
[SourceDate "2023.10.10"]
[SourceVersion "1"]
[SourceVersionDate "2023.10.10"]
[SourceQuality "1"]

1. e4 d5 2. exd5 Nf6 3. Nf3 Nxd5 4. d4 g6 5. Be2 Bg7 6. 0-0 0-0 7. h3 Nc6 8. c4 Nb6 9. d5 Na5 10. Qc2 Bf5 11. Qd1 Naxc4 12. Nc3 Ne5 13. Nxe5 Bxe5 14. Bh6 Re8 15. Bf3 Nc4 16. Qb3 Nd2 17. Bxd2 1-0

[Event "Titled Tuesday intern op 26th Sep Late"]
[Site "Chess.com INT"]
[Date "2023.09.26"]
[Round "11"]
[White "Novikova, Galina"]
[Black "Thiel, Thomas"]
[Result "0-1"]
[WhiteElo "2073"]
[BlackElo "2148"]
[PlyCount "56"]
[EventDate "2023.09.26"]
[EventType "swiss (blitz)"]
[EventRounds "11"]
[EventCountry "USA"]
[SourceTitle "EXT 2024"]
[Source "ChessBase"]
[SourceDate "2023.10.10"]
[SourceVersion "1"]
[SourceVersionDate "2023.10.10"]
[SourceQuality "1"]

1. d4 d5 2. Nc3 Nf6 3. Bf4 c5 4. e4 cxd4 5. Qxd4 Nc6 6. Bb5 Bd7 7. Bxc6 Bxc6 8. exd5 Nxd5 9. 0-0-0 e6 10. Nf3 Qb6 11. Nxd5 Bxd5 12. Qe5 Bxf3 13. gxf3 Rc8 14. Rhe1 Qxf2 15. Qb5+ Rc6 16. Re2 Qxf3 17. Qe5 f6 18. Qb8+ Kf7 19. Qxb7+ Kg6 20. Rg1+ Kf5 21. Bd2 Rxc2+ 22. Kxc2 Qxb7 23. Rf2+ Ke4 24. Bc3 e5 25. Re1+ Kd5 26. Rd2+ Ke6 27. Red1 Bc5 28. Rd5 Qxd5 0-1

[Event "Titled Tuesday intern op 26th Sep Late"]
[Site "Chess.com INT"]
[Date "2023.09.26"]
[Round "8"]
[White "Thiel, Thomas"]
[Black "Pourkashiyan, Atousa"]
[Result "0-1"]
[WhiteElo "2148"]
[BlackElo "2288"]
[PlyCount "86"]
[EventDate "2023.09.26"]
[EventType "swiss (blitz)"]
[EventRounds "11"]
[EventCountry "USA"]
[SourceTitle "EXT 2024"]
[Source "ChessBase"]
[SourceDate "2023.10.10"]
[SourceVersion "1"]
[SourceVersionDate "2023.10.10"]
[SourceQuality "1"]

1. e4 c5 2. Nc3 d6 3. f4 a6 4. a4 Nf6 5. Nf3 Bg4 6. Bc4 e6 7. 0-0 Nc6 8. d3 Nd4 9. Be3 Nxf3+ 10. gxf3 Bh3 11. Rf2 Be7 12. Kh1 Nh5 13. Qg1 Bh4 14. Rd2 Qf6 15. e5 dxe5 16. Ne4 Qg6 17. Bxc5 Nxf4 18. Qxg6 hxg6 19. Nd6+ Kf8 20. Nxb7+ Be7 21. Bxe7+ Kxe7 22. Na5 g5 23. Re1 g4 24. Nc6+ Kf6 25. Nxe5 gxf3 26. Nxf3 Rh5 27. Re4 g5 28. Rf2 Bf5 29. Rd4 Nh3 30. Rf1 Rah8 31. Rd6 g4 32. Nd4 Ng5 33. Nxf5 Rxh2+ 34. Kg1 Rh1+ 35. Kf2 R8h2+ 36. Kg3 Rxf1 37. Kxh2 Kxf5 38. Rxa6 Nf3+ 39. Kg2 Rg1+ 40. Kf2 Rc1 41. Bb3 Kf4 42. Ra7 g3+ 43. Kg2 Nh4+ 0-1

[Event "Titled Tuesday intern op 12th Sep Early"]
[Site "Chess.com INT"]
[Date "2023.09.12"]
[Round "2"]
[White "Rios Escobar, Adan"]
[Black "Thiel, Thomas"]
[Result "1-0"]
[WhiteElo "2234"]
[BlackElo "2148"]
[PlyCount "53"]
[EventDate "2023.09.12"]
[EventType "swiss (blitz)"]
[EventRounds "11"]
[EventCountry "USA"]
[SourceTitle "EXT 2024"]
[Source "ChessBase"]
[SourceDate "2023.10.10"]
[SourceVersion "1"]
[SourceVersionDate "2023.10.10"]
[SourceQuality "1"]

1. d4 d5 2. g3 Nf6 3. Nf3 g6 4. c4 Bg7 5. Bg2 0-0 6. cxd5 Nxd5 7. 0-0 Nb6 8. Nc3 Nc6 9. d5 Na5 10. e4 c6 11. Re1 Bg4 12. h3 Bxf3 13. Bxf3 cxd5 14. exd5 Nac4 15. Qe2 Re8 16. Bg5 Rc8 17. Bxe7 Qd7 18. d6 Nxb2 19. Ne4 N2c4 20. Rad1 Ne5 21. Kg2 Nxf3 22. Qxf3 Qc6 23. Rc1 Qd7 24. Rxc8 Nxc8 25. Rd1 f5 26. Qb3+ Kh8 27. Nf6 1-0

[Event "Titled Tuesday intern op 12th Sep Early"]
[Site "Chess.com INT"]
[Date "2023.09.12"]
[Round "10"]
[White "Thiel, Thomas"]
[Black "Tikhonov, Viacheslav"]
[Result "1-0"]
[WhiteElo "2148"]
[BlackElo "2181"]
[PlyCount "45"]
[EventDate "2023.09.12"]
[EventType "swiss (blitz)"]
[EventRounds "11"]
[EventCountry "USA"]
[SourceTitle "EXT 2024"]
[Source "ChessBase"]
[SourceDate "2023.10.10"]
[SourceVersion "1"]
[SourceVersionDate "2023.10.10"]
[SourceQuality "1"]

1. e4 c5 2. Nc3 Nc6 3. Bb5 Nd4 4. Bc4 e6 5. Nge2 a6 6. d3 b5 7. Bb3 Be7 8. Nxd4 cxd4 9. Ne2 Qb6 10. 0-0 d6 11. Ng3 Nf6 12. f4 Bb7 13. f5 e5 14. Bg5 Qc5 15. Bxf6 Bxf6 16. Nh5 Bg5 17. Nxg7+ Kf8 18. Qh5 Be3+ 19. Kh1 d5 20. Ne6+ fxe6 21. fxe6+ Ke7 22. Qf7+ Kd6 23. Qd7# 1-0

[Event "Titled Tuesday intern op 12th Sep Early"]
[Site "Chess.com INT"]
[Date "2023.09.12"]
[Round "5"]
[White "Zrikem, Nassim"]
[Black "Thiel, Thomas"]
[Result "0-1"]
[WhiteElo "2140"]
[BlackElo "2148"]
[PlyCount "46"]
[EventDate "2023.09.12"]
[EventType "swiss (blitz)"]
[EventRounds "11"]
[EventCountry "USA"]
[SourceTitle "EXT 2024"]
[Source "ChessBase"]
[SourceDate "2023.10.10"]
[SourceVersion "1"]
[SourceVersionDate "2023.10.10"]
[SourceQuality "1"]

1. Nf3 c5 2. e3 Nf6 3. d4 cxd4 4. exd4 g6 5. Bd3 Bg7 6. 0-0 0-0 7. Re1 Nc6 8. c4 d6 9. Nc3 Bg4 10. Be3 Nd7 11. Be2 Rc8 12. Rc1 a6 13. h3 Bxf3 14. Bxf3 e5 15. dxe5 dxe5 16. Qe2 Nd4 17. Bxd4 exd4 18. Nd5 Rb8 19. Ne7+ Kh8 20. c5 Ne5 21. Nd5 d3 22. Qe3 Nxf3+ 23. Qxf3 d2 0-1

[Event "Titled Tuesday intern op 22nd Aug Early"]
[Site "Chess.com INT"]
[Date "2023.08.22"]
[Round "3"]
[White "Thiel, Thomas"]
[Black "Legenia, Artem"]
[Result "1-0"]
[WhiteElo "2148"]
[BlackElo "2092"]
[PlyCount "81"]
[EventDate "2023.08.22"]
[EventType "swiss (blitz)"]
[EventRounds "11"]
[EventCountry "USA"]
[SourceTitle "EXT 2024"]
[Source "ChessBase"]
[SourceDate "2023.10.10"]
[SourceVersion "1"]
[SourceVersionDate "2023.10.10"]
[SourceQuality "1"]

1. e4 Nf6 2. e5 Nd5 3. d4 d6 4. c4 Nb6 5. exd6 cxd6 6. Nc3 g6 7. Be3 Bg7 8. b3 0-0 9. Rc1 Nc6 10. d5 Ne5 11. Be2 h5 12. Bd4 e6 13. f4 Ng4 14. Nf3 exd5 15. Bxg7 Kxg7 16. Nxd5 Nxd5 17. Qxd5 Qf6 18. Qd4 Re8 19. h3 Ne3 20. Kf2 Qxd4 21. Nxd4 Bd7 22. Bf3 Rab8 23. Rhe1 Nf5 24. Nxf5+ Bxf5 25. Rxe8 Rxe8 26. Bxb7 Bd3 27. Bf3 h4 28. Rd1 Bf5 29. Rxd6 Re7 30. c5 Be4 31. Bxe4 Rxe4 32. Kf3 Re1 33. Rd4 Rc1 34. Rc4 Rxc4 35. bxc4 Kf8 36. Kg4 Ke7 37. Kxh4 Kd7 38. Kg5 Kc7 39. Kf6 Kc6 40. Kxf7 Kxc5 41. Kxg6 1-0

[Event "Titled Tuesday intern op 15th Aug Early"]
[Site "Chess.com INT"]
[Date "2023.08.15"]
[Round "2"]
[White "Taboas Rodriguez, Daniel"]
[Black "Thiel, Thomas"]
[Result "1-0"]
[WhiteElo "2368"]
[BlackElo "2148"]
[PlyCount "73"]
[EventDate "2023.08.15"]
[EventType "swiss (blitz)"]
[EventRounds "11"]
[EventCountry "USA"]
[SourceTitle "EXT 2024"]
[Source "ChessBase"]
[SourceDate "2023.10.10"]
[SourceVersion "1"]
[SourceVersionDate "2023.10.10"]
[SourceQuality "1"]

1. d4 d5 2. Nf3 Nf6 3. c4 dxc4 4. e3 Bg4 5. Bxc4 e6 6. h3 Bh5 7. Nc3 Nc6 8. Bb5 Bd6 9. Bxc6+ bxc6 10. Qa4 Qd7 11. Ne5 Bxe5 12. dxe5 Nd5 13. Bd2 0-0 14. 0-0 Nxc3 15. Bxc3 Be2 16. Rfe1 Bb5 17. Qd4 Qxd4 18. Bxd4 Rfd8 19. Rec1 Rd5 20. b3 c5 21. Rxc5 Rxc5 22. Bxc5 a5 23. Rc1 a4 24. bxa4 Bxa4 25. Bb4 c6 26. f4 g6 27. g4 Bb5 28. a3 h6 29. Rd1 h5 30. g5 Rc8 31. Bc5 Rc7 32. Rd8+ Kh7 33. h4 Rb7 34. Kf2 Bc4 35. Bb4 Bd5 36. Rc8 Rb5 37. Be7 1-0

[Event "Titled Tuesday intern op 08th Aug Early"]
[Site "Chess.com INT"]
[Date "2023.08.08"]
[Round "1"]
[White "Thiel, Thomas"]
[Black "Eynullayev, Altay Elshan"]
[Result "0-1"]
[WhiteElo "2148"]
[BlackElo "2214"]
[PlyCount "52"]
[EventDate "2023.08.08"]
[EventType "swiss (blitz)"]
[EventRounds "11"]
[EventCountry "USA"]
[SourceTitle "EXT 2024"]
[Source "ChessBase"]
[SourceDate "2023.10.10"]
[SourceVersion "1"]
[SourceVersionDate "2023.10.10"]
[SourceQuality "1"]

1. e4 e5 2. Nf3 Nc6 3. d4 exd4 4. Nxd4 Bb4+ 5. c3 Bc5 6. Be3 Bb6 7. Nf5 Bxe3 8. Nxe3 Nge7 9. f3 d6 10. c4 Ng6 11. Nc3 0-0 12. Qd2 Qh4+ 13. g3 Qd8 14. Be2 Bd7 15. 0-0 Nce7 16. f4 f5 17. Bf3 Bc6 18. exf5 Nxf5 19. Bd5+ Kh8 20. Rae1 Qf6 21. Ng4 Qd4+ 22. Qxd4 Nxd4 23. Ne3 Rae8 24. Ne4 Rxe4 25. Bxe4 Bxe4 26. f5 Ne5 0-1

[Event "Titled Tuesday intern op 08th Aug Early"]
[Site "Chess.com INT"]
[Date "2023.08.08"]
[Round "2"]
[White "Thiel, Thomas"]
[Black "Kuznetsov, Mikhail V"]
[Result "0-1"]
[WhiteElo "2148"]
[BlackElo "2246"]
[PlyCount "28"]
[EventDate "2023.08.08"]
[EventType "swiss (blitz)"]
[EventRounds "11"]
[EventCountry "USA"]
[SourceTitle "EXT 2024"]
[Source "ChessBase"]
[SourceDate "2023.10.10"]
[SourceVersion "1"]
[SourceVersionDate "2023.10.10"]
[SourceQuality "1"]

1. e4 c6 2. d4 d5 3. exd5 cxd5 4. c4 Nf6 5. Nc3 g6 6. Qb3 Bg7 7. cxd5 0-0 8. Be2 Na6 9. Bf3 b5 10. d6 Rb8 11. dxe7 Qxe7+ 12. Nge2 b4 13. Nd1 Be6 14. Qa3 bxa3 0-1

[Event "Titled Tuesday intern op 01st Aug Early"]
[Site "Chess.com INT"]
[Date "2023.08.01"]
[Round "1"]
[White "Karamsetty, Jeevan"]
[Black "Thiel, Thomas"]
[Result "1-0"]
[WhiteElo "2218"]
[BlackElo "2148"]
[PlyCount "63"]
[EventDate "2023.08.01"]
[EventType "swiss (blitz)"]
[EventRounds "11"]
[EventCountry "USA"]
[SourceTitle "EXT 2024"]
[Source "ChessBase"]
[SourceDate "2023.10.10"]
[SourceVersion "1"]
[SourceVersionDate "2023.10.10"]
[SourceQuality "1"]

1. e4 d5 2. exd5 Nf6 3. d4 Nxd5 4. c4 Nb6 5. Nc3 e5 6. d5 Bb4 7. Bd2 c6 8. dxc6 Nxc6 9. Nf3 Be6 10. b3 0-0 11. a3 Bxc3 12. Bxc3 Bg4 13. Be2 Qxd1+ 14. Rxd1 Rfe8 15. c5 Nd7 16. h3 Bxf3 17. Rxd7 Bxg2 18. Rg1 Bxh3 19. Rxb7 Nd4 20. Rg3 Bf5 21. Bc4 Be6 22. Bxe6 Rxe6 23. Bxd4 exd4+ 24. Kd2 a5 25. Rd3 Rc6 26. b4 axb4 27. axb4 Ra2+ 28. Kc1 g6 29. Rxd4 Rxf2 30. Rd6 Rc8 31. c6 h5 32. c7 1-0

[Event "Titled Tuesday intern op 01st Aug Early"]
[Site "Chess.com INT"]
[Date "2023.08.01"]
[Round "11"]
[White "Korol, Dimitry"]
[Black "Thiel, Thomas"]
[Result "1/2-1/2"]
[WhiteElo "2287"]
[BlackElo "2148"]
[PlyCount "59"]
[EventDate "2023.08.01"]
[EventType "swiss (blitz)"]
[EventRounds "11"]
[EventCountry "USA"]
[SourceTitle "EXT 2024"]
[Source "ChessBase"]
[SourceDate "2023.10.10"]
[SourceVersion "1"]
[SourceVersionDate "2023.10.10"]
[SourceQuality "1"]

1. d4 d5 2. c4 dxc4 3. Nf3 Nf6 4. Nc3 a6 5. e4 b5 6. e5 Nd5 7. a4 b4 8. Ne4 Bf5 9. Ng3 Bg6 10. Bxc4 e6 11. 0-0 Nd7 12. Qe2 a5 13. Bg5 Be7 14. Bxe7 Qxe7 15. Rac1 N7b6 16. Bb5+ Kf8 17. Ne4 Bxe4 18. Qxe4 Rd8 19. Rc5 h6 20. Rfc1 g6 21. h4 Kg7 22. Bc6 Rhf8 23. Rxa5 b3 24. Rac5 Nb4 25. a5 N6d5 26. Bxd5 Nxd5 27. Qd3 Rb8 28. a6 Rb6 29. g3 Ra8 30. Ra1 1/2-1/2

[Event "Titled Tuesday intern op 01st Aug Early"]
[Site "Chess.com INT"]
[Date "2023.08.01"]
[Round "3"]
[White "Ladan, Nicholas John"]
[Black "Thiel, Thomas"]
[Result "0-1"]
[WhiteElo "2218"]
[BlackElo "2148"]
[PlyCount "96"]
[EventDate "2023.08.01"]
[EventType "swiss (blitz)"]
[EventRounds "11"]
[EventCountry "USA"]
[SourceTitle "EXT 2024"]
[Source "ChessBase"]
[SourceDate "2023.10.10"]
[SourceVersion "1"]
[SourceVersionDate "2023.10.10"]
[SourceQuality "1"]

1. d4 d5 2. Nf3 Nf6 3. Bf4 g6 4. e3 Bg7 5. h3 0-0 6. Nbd2 b6 7. Bd3 Bb7 8. Qe2 Nbd7 9. 0-0 c5 10. c3 Rc8 11. a4 Ne4 12. Ba6 Bxa6 13. Qxa6 cxd4 14. exd4 Ra8 15. Nxe4 dxe4 16. Nd2 Nf6 17. Be5 Qd5 18. a5 b5 19. Rfe1 Rfe8 20. Bxf6 exf6 21. c4 bxc4 22. Qxc4 Qxc4 23. Nxc4 f5 24. Rad1 Red8 25. d5 Rac8 26. b3 Rb8 27. Re3 Bh6 28. Rc3 Bg7 29. Rg3 f4 30. Rg4 Rxb3 31. Rxf4 f5 32. d6 Rc3 33. Ne3 Bh6 34. g3 Bxf4 35. gxf4 Rd3 36. Rb1 R3xd6 37. Nc4 Rd1+ 38. Rxd1 Rxd1+ 39. Kg2 Ra1 40. Kg3 Ra4 41. Ne5 Rxa5 42. f3 Ra3 43. Kh4 Rxf3 44. Nd7 Rxf4+ 45. Kg5 Rf3 46. h4 Kg7 47. h5 h6+ 48. Kh4 g5# 0-1

[Event "Titled Tuesday intern op 01st Aug Late"]
[Site "Chess.com INT"]
[Date "2023.08.01"]
[Round "2"]
[White "Sathish, Pranav"]
[Black "Thiel, Thomas"]
[Result "0-1"]
[WhiteElo "2441"]
[BlackElo "2148"]
[PlyCount "84"]
[EventDate "2023.08.01"]
[EventType "swiss (blitz)"]
[EventRounds "11"]
[EventCountry "USA"]
[SourceTitle "EXT 2024"]
[Source "ChessBase"]
[SourceDate "2023.10.10"]
[SourceVersion "1"]
[SourceVersionDate "2023.10.10"]
[SourceQuality "1"]

1. Nf3 Nf6 2. b3 g6 3. Bb2 Bg7 4. g3 d6 5. d4 0-0 6. Bg2 c6 7. 0-0 Nbd7 8. a4 Re8 9. Re1 e5 10. dxe5 Ng4 11. c4 Ngxe5 12. Nc3 Qb6 13. a5 Qc7 14. e4 a6 15. Qc2 Nc5 16. Rad1 Bg4 17. Re3 Bh6 18. Nxe5 Bxd1 19. Nxd1 dxe5 20. f4 Ne6 21. Bxe5 Qxa5 22. Bc3 Qb6 23. Qf2 Rad8 24. Bf3 Bg7 25. e5 Bf8 26. b4 Bxb4 27. Bxb4 Qxb4 28. Kg2 Rd2 29. Be2 Red8 30. f5 Nd4 31. e6 fxe6 32. fxg6 hxg6 33. Qf6 Qf8 34. Qxg6+ Qg7 35. Qe4 Nxe2 36. Qxe6+ Qf7 37. Qg4+ Kh8 38. Nf2 Rf8 39. Qh4+ Qh7 40. Qg5 Nd4 41. Qe5+ Qg7 42. Qh5+ Kg8 0-1

[Event "Titled Tuesday intern op 25th Jul Late"]
[Site "Chess.com INT"]
[Date "2023.07.25"]
[Round "10"]
[White "Dwilewicz, Katarzyna"]
[Black "Thiel, Thomas"]
[Result "0-1"]
[WhiteElo "2134"]
[BlackElo "2195"]
[PlyCount "70"]
[EventDate "2023.07.25"]
[EventType "swiss (blitz)"]
[EventRounds "11"]
[EventCountry "USA"]
[SourceTitle "EXT 2024"]
[Source "ChessBase"]
[SourceDate "2023.10.10"]
[SourceVersion "1"]
[SourceVersionDate "2023.10.10"]
[SourceQuality "1"]

1. e4 d5 2. exd5 Nf6 3. d4 Nxd5 4. Nf3 g6 5. c4 Nb6 6. Nc3 Bg7 7. Be3 0-0 8. Be2 Bg4 9. b3 Nc6 10. 0-0 Bxf3 11. Bxf3 Nxd4 12. Bxb7 Rb8 13. Be4 c5 14. Rc1 f5 15. Bd5+ Nxd5 16. cxd5 f4 17. Bxd4 cxd4 18. Ne4 f3 19. gxf3 Qxd5 20. Qd3 Qf5 21. Kg2 Be5 22. Rc5 Qf4 23. Ng3 Bd6 24. Rd5 Be5 25. Re1 Bf6 26. Re4 Qc7 27. h4 Qc6 28. Ra5 Qb6 29. Ra6 Qb5 30. Qxb5 Rxb5 31. Rxa7 Rd5 32. Nf1 d3 33. Nd2 Rc8 34. Rc4 Rxc4 35. b4 Rc2 0-1

[Event "Titled Tuesday intern op 25th Jul Late"]
[Site "Chess.com INT"]
[Date "2023.07.25"]
[Round "5"]
[White "Rangel, Daniel"]
[Black "Thiel, Thomas"]
[Result "1-0"]
[WhiteElo "2199"]
[BlackElo "2195"]
[PlyCount "93"]
[EventDate "2023.07.25"]
[EventType "swiss (blitz)"]
[EventRounds "11"]
[EventCountry "USA"]
[SourceTitle "EXT 2024"]
[Source "ChessBase"]
[SourceDate "2023.10.10"]
[SourceVersion "1"]
[SourceVersionDate "2023.10.10"]
[SourceQuality "1"]

1. e4 d5 2. exd5 Nf6 3. Nc3 Nxd5 4. Nf3 g6 5. g3 Bg7 6. Bg2 0-0 7. 0-0 Nc6 8. Re1 Nb6 9. d3 Re8 10. Bg5 h6 11. Be3 e5 12. a4 Nd4 13. Nb5 c6 14. Nbxd4 exd4 15. Bd2 Nd5 16. a5 a6 17. h3 Be6 18. Ne5 Ne3 19. Nxc6 Nxd1 20. Nxd8 Nxb2 21. Nxe6 Rxe6 22. Rxe6 fxe6 23. Bxb7 Ra7 24. Be4 Rc7 25. Bc1 Rxc2 26. Bxb2 Rxb2 27. Bxg6 Bf8 28. Re1 Ra2 29. Rxe6 Rxa5 30. Be4 Kf7 31. Rb6 Ra1+ 32. Kg2 a5 33. Ra6 a4 34. f4 a3 35. Kf3 h5 36. g4 h4 37. g5 a2 38. Rxa2 Rxa2 39. Bd5+ Kg6 40. Bxa2 Kf5 41. Bd5 Bd6 42. Be4+ Ke6 43. Kg4 Kf7 44. f5 Bg3 45. Bd5+ Kf8 46. f6 Be5 47. Kf5 1-0

[Event "Titled Tuesday intern op 25th Jul Late"]
[Site "Chess.com INT"]
[Date "2023.07.25"]
[Round "8"]
[White "Sainz Aguirre, Ignacio"]
[Black "Thiel, Thomas"]
[Result "1/2-1/2"]
[WhiteElo "1829"]
[BlackElo "2195"]
[PlyCount "39"]
[EventDate "2023.07.25"]
[EventType "swiss (blitz)"]
[EventRounds "11"]
[EventCountry "USA"]
[SourceTitle "EXT 2024"]
[Source "ChessBase"]
[SourceDate "2023.10.10"]
[SourceVersion "1"]
[SourceVersionDate "2023.10.10"]
[SourceQuality "1"]

1. e4 d5 2. exd5 Nf6 3. d4 Nxd5 4. c4 Nb6 5. Nf3 g6 6. Nc3 Bg7 7. c5 Nd5 8. Bc4 Nxc3 9. bxc3 0-0 10. h3 Nc6 11. Bf4 Na5 12. Be2 b6 13. 0-0 bxc5 14. Qa4 Nb7 15. Ne5 Qe8 16. Bb5 Qd8 17. Nc6 Qe8 18. Ne5 Qd8 19. Nc6 Qe8 20. Ne5 1/2-1/2